000 00434nam a22001697a 4500
005 20260205115503.0
008 260205b |||||||| |||| 00| 0 eng d
020 _a978-93-89211-72-6
100 _aMATHEW, STANLEY
245 _aESSENTIAL CLINICAL SURGERY
250 _a2ND ED
260 _aTELANGANA, INDIA
_bUNIVERSITIES PRESS
_c2021
300 _aX, 573P.
500 _aINCLUDES INDEX
650 _aSURGERY
942 _2lcc
_cBK
999 _c216557
_d216557